| 000 | 01124nam a2200241 i 4500 | ||
|---|---|---|---|
| 001 | 79537 | ||
| 003 | ES-MaACL | ||
| 005 | 20250723094627.0 | ||
| 007 | t| | ||
| 008 | 041021s1947 sp ||||1| spa d | ||
| 100 | 1 |
_aHerce, Félix. _962672 |
|
| 245 | 1 | 3 |
_aEl PH de los potenciales de Redox _b: (teoría y mediciones) / _cpor Pedro Herce. |
| 250 | _a[1ª ed.]. | ||
| 260 |
_aMadrid : _b[s.n.], _c1947 ( _fImp. Artística) |
||
| 300 |
_aXII, 147 p., 3 lám. : _bil. ; _c25 cm. |
||
| 500 | _aPrecede al tít.: Instituto de Investigaciones Agronómicas. | ||
| 650 | 7 |
_aQuímica _2embne _916625 |
|
| 710 | 0 | 0 |
_aInstituto de Investigaciones Agronómicas ( _cMadrid) _9227457 |
| 852 |
_aES-MaACL _jD-6574 _bR.30473 _bR.M.6165 _982490 _cSVI _fSello en tinta azul de la Biblioteca del Ateneo de Madrid _gAnotación manuscrita en cubierta: "182 _gAnotación manuscrita en hoja de guarda: "E/110" _xEncuadernación en tela marrón _zEn cubierta: "9. Feb. 1951" |
||
| 942 | _2udc | ||
| 999 |
_c79537 _d79537 |
||